000 00303nam a22001337a 4500
008 171016b xxu||||| |||| 00| 0 eng d
020 _a9780073261546
041 _aeng
080 _210 ED
_a331.101.262
100 _a52
101 _aBNJ
245 _aCONSUMER BEHAVIOR
_cHAWKINS.M
942 _2udc
_cBK
999 _c34232
_d34232